Knowledge / (Record no. 22409)
[ view plain ]
| 000 -LEADER | |
|---|---|
| fixed length control field | 00992nam a2200229 a 4500 |
| 003 - CONTROL NUMBER IDENTIFIER | |
| control field | PILC |
| 005 - DATE AND TIME OF LATEST TRANSACTION | |
| control field | 20160129112603.0 |
| 008 - FIXED-LENGTH DATA ELEMENTS--GENERAL INFORMATION | |
| fixed length control field | 121013s19uu xx 00 eng d |
| 020 ## - INTERNATIONAL STANDARD BOOK NUMBER | |
| International Standard Book Number | 9780745650531 |
| 050 ## - LIBRARY OF CONGRESS CALL NUMBER | |
| Classification number | BD 161 |
| Item number | .Ev83 2012 |
| 100 ## - MAIN ENTRY--PERSONAL NAME | |
| Personal name | Evans, Ian. |
| 245 ## - TITLE STATEMENT | |
| Title | Knowledge / |
| Statement of responsibility, etc | Ian Evans and Nicholas D. Smith. |
| 260 ## - PUBLICATION, DISTRIBUTION, ETC. (IMPRINT) | |
| Place of publication, distribution, etc | Cambridge, UK ; Malden, MA : |
| Name of publisher, distributor, etc | Polity Press, |
| Date of publication, distribution, etc | 2012. |
| 300 ## - PHYSICAL DESCRIPTION | |
| Extent | 238 pages ; |
| Dimensions | 22 cm. |
| 500 ## - GENERAL NOTE | |
| General note | Includes bibliographical references and index. |
| 520 ## - SUMMARY, ETC. | |
| Summary, etc | Designed to introduce students to all aspects of the theory of knowledge, as well as encompassing recent developments in a special 'current trends' section. Chapters include discussions of scepticism, justification and contextualism. The authors also advance their own ground breaking theory of knowledge, incorporating research on animal cognition. |
| 650 ## - SUBJECT ADDED ENTRY--TOPICAL TERM | |
| Topical term or geographic name as entry element | Knowledge, Theory of |
| 650 ## - SUBJECT ADDED ENTRY--TOPICAL TERM | |
| Topical term or geographic name as entry element | Knowledge. |
| 700 ## - ADDED ENTRY--PERSONAL NAME | |
| Personal name | Smith, Nicholas D. |
| 942 ## - ADDED ENTRY ELEMENTS (KOHA) | |
| Koha item type | Books |
| Source of classification or shelving scheme | Library of Congress Classification |
| Call number prefix | Foreign |
| Withdrawn status | Lost status | Source of classification or shelving scheme | Damaged status | Home library | Current library | Shelving location | Date acquired | Source of acquisition | Cost, normal purchase price | Total Checkouts | Full call number | Barcode | Date last seen | Copy number | Price effective from | Koha item type |
|---|---|---|---|---|---|---|---|---|---|---|---|---|---|---|---|---|
| Library of Congress Classification | College Library | College Library | Reserve Section | 10/13/2012 | 1446.00 | BD 161 .Ev83 2012 | C16376 | 05/15/2018 | 1 | 10/10/2013 | Books |